000 00584nam a2200205Ia 4500
005 20250508165136.0
008 008 250505s9999 xx 000 0 eng d
020 _a019806466-?
037 _aTextual
040 _aFEDL
_beng
_cFEDL
041 _aeng
_2eng
084 _a338.1, ADB
_qFEDL
245 0 _aAgriculture, food security and rural development
245 0 _cAsian Development Bank
260 _aNew Delhi, India
_bOxford University Press
_c2010
300 _axvii,345p.
365 _aINR
_b775
942 _cTEXL
_h338.1, ADB
999 _c1393393
_d1393393